<?xml version="1.0" encoding="UTF-8"?>
<marc:record xmlns:marc="http://www.loc.gov/MARC21/slim">
   <marc:leader>00000nam a2200000 a 4500</marc:leader>
   <marc:datafield ind1="1" ind2=" " tag="100">
      <marc:subfield code="a">Regine Altegoer und Patricia Mennen</marc:subfield>
   </marc:datafield>
   <marc:datafield ind1="0" ind2="0" tag="245">
      <marc:subfield code="a">10 Kleine Schmetterlinge</marc:subfield>
   </marc:datafield>
   <marc:datafield ind1="0" ind2="0" tag="245">
      <marc:subfield code="c">Illustriert von Regine Altegoer; Text von Patricia Mennen</marc:subfield>
   </marc:datafield>
   <marc:datafield ind1=" " ind2="1" tag="264">
      <marc:subfield code="a">Wien</marc:subfield>
      <marc:subfield code="b">Donauland</marc:subfield>
      <marc:subfield code="c">2008</marc:subfield>
   </marc:datafield>
   <marc:datafield ind1="1" ind2=" " tag="520">
      <marc:subfield code="a">"Zehn kleine Schmetterlinge flattern hoch hinaus. Sie begrüßen den neuen Tag auf ihrer Lieblingswiese und erleben viele spannende Dinge:Ein Schmetterling bleibt bei den Bienen und hilft Honig zu sammeln, ein Schmetterling bleibt bei den Hasenkindern, und so weiter.Ein idealer Begleiter für das erste Zählenlernen... von 1 bis 10</marc:subfield>
   </marc:datafield>
   <marc:datafield ind1=" " ind2=" " tag="300">
      <marc:subfield code="a">20 gez. S.</marc:subfield>
   </marc:datafield>
</marc:record>
